Business policy and strategic management /

Bibliographic Details
Main Author: Jauch, Lawrence R.
Other Authors: Glueck, William F.
Format: Book
Language:English
Published: New York : McGraw-Hill, [1988]
Edition:5th ed.
Series:McGraw-Hill series in management.
Subjects:

MARC

Tag First Indicator Second Indicator Subfields
LEADER 00000cam a2200000 a 4500
001 in00000788521
005 20151017060730.0
008 870603s1988 nyua b 00110 eng
010 |a  87016859  
020 |a 070322347X :  |c $38.95 
035 |a (OCoLC)16084164 
035 |9 ADM4546AM 
040 |a DLC  |c DLC  |d TXA  |d UtOrBLW 
049 |a TXAM  |c [A12343479] 
050 0 0 |a HD30.28  |b .J375 1988 
082 0 |a 658.4/012  |2 19 
100 1 |a Jauch, Lawrence R. 
245 1 0 |a Business policy and strategic management /  |c Lawrence R. Jauch, William F. Glueck. 
250 |a 5th ed. 
264 1 |a New York :  |b McGraw-Hill,  |c [1988] 
264 4 |c ©1988 
300 |a xix, 940 pages :  |b illustrations ;  |c 24 cm. 
336 |a text  |b txt  |2 rdacontent 
337 |a unmediated  |b n  |2 rdamedia 
338 |a volume  |b nc  |2 rdacarrier 
490 1 |a McGraw-Hill series in management 
500 |a Glueck's name appears first on the earlier edition. 
504 |a Includes bibliographies and index. 
650 0 |a Business planning. 
700 1 |a Glueck, William F. 
830 0 |a McGraw-Hill series in management. 
999 |a MARS 
999 f f |s d87de10b-3633-38dc-94bf-5eda1b00e777  |i cfd4f189-7588-38bd-960a-d035e3a31f65  |t 0 
952 f f |p ric  |a Texas A&M University  |b Rellis Campus  |c Joint Library Facility  |d Remote Storage  |t 0  |e HD30.28 .J375 1988  |h Library of Congress classification  |i unmediated -- volume  |m A14812343479 
998 f f |a HD30.28 .J375 1988  |t 0  |l Remote Storage